|
|
|
|
| LEADER |
00000ny a22000003n 4500 |
| 005 |
2011051106186.0 |
| 008 |
100413c19939999nyumr p o 0 a0eng d |
| 022 |
0 |
|
|a 0161-7389
|
| 035 |
|
|
|a 2831
|
| 040 |
|
|
|a UCA
|d vLex
|
| 090 |
|
|
|c 1606
|d 1606
|
| 245 |
0 |
0 |
|a USA Today Magazine
|h [Recurso electrn̤ico]
|
| 246 |
3 |
|
|a United States of America today
|
| 256 |
|
|
|a Servicio en ln̕ea
|
| 260 |
|
|
|a [New York] :
|b [Society for the Advancement of Education]
|
| 310 |
|
|
|a Mensual
|
| 506 |
1 |
|
|a Contenido solo disponible en los productos indicados
|d vLex Global
|d vLex Global (Academic Edition, excluding Law Schools)
|d vLex Global (Academic Edition, Law Schools)
|
| 651 |
|
4 |
|a Estados Unidos
|x Civilizacion
|x Publicaciones perid̤icas
|
| 710 |
2 |
|
|a Society for the Advancement of Education
|
| 740 |
0 |
|
|a vLex Revista (Servicios en ln̕ea)
|
| 843 |
|
|
|a Electrn̤ica. Abierta
|
| 853 |
|
|
|8 1
|i (year)
|j (month)
|k (day)
|
| 856 |
4 |
0 |
|z Acceso restringido
|u http://vlex.com/account/login_ip?fuente_id=2831
|
| 942 |
|
|
|c REV
|
| 999 |
|
4 |
|a Estados Unidos
|y 1970-
|v Publicaciones perid̤icas.
|